| 000 | 00928cam a22002413a 4500 | ||
|---|---|---|---|
| 001 | 13531 | ||
| 003 | PGUSA | ||
| 005 | 20140828083306.0 | ||
| 008 | 040926s2004||||xxu|||||s|||||000 1 eng d | ||
| 040 |
_aPGUSA _beng |
||
| 042 | _adc | ||
| 050 | 4 | _aPS | |
| 100 | 1 |
_aStockton, Frank Richard, _d1834-1902 |
|
| 245 | 1 | 0 |
_aAmos Kilbright; His Adscititious Experiences : _bWith other stories _h[electronic resource] / _cFrank Richard Stockton |
| 260 |
_bProject Gutenberg, _c2004 |
||
| 505 | 0 | _aAmos Kilbright: His Adscititious Experiences -- The Reversible Landscape -- Dusky Philosophy, First Exposition: A Story of Seven Devils -- Dusky Philosophy, Second Exposition: Grandison's Quandary -- Plain Fishing | |
| 506 | _aPublic domain in the USA. | ||
| 516 | _aElectronic text | ||
| 653 | _aAfrican Americans -- Fiction | ||
| 830 | 0 |
_aProject Gutenberg _v13531 |
|
| 856 | 4 | 0 | _uhttp://www.gutenberg.org/ebooks/13531 |
| 942 | _cEB | ||
| 999 |
_c242786 _d242786 |
||